Paris in Japan (Record no. 300)

MARC details
000 -CABECERA
campo de control de longitud fija 01351nam a2200301 a 4500
001 - NÚMERO DE CONTROL
campo de control BRCA_363
005 - FECHA Y HORA DE LA ÚLTIMA TRANSACCIÓN
campo de control 20190320202957.0
008 - DATOS DE LONGITUD FIJA--INFORMACIÓN GENERAL
campo de control de longitud fija 870806s1987 ja-a---##b---#000-0#eng-#
020 ## - NÚMERO INTERNACIONAL ESTÁNDAR DEL LIBRO
Número Internacional Estándar del Libro 093631611X (pbk.)
040 ## - FUENTE DE LA CATALOGACIÓN
Centro catalogador/agencia de origen DLC
Centro/agencia transcriptor DLC
Centro/agencia modificador DLC
050 #4 - SIGNATURA TOPOGRÁFICA DE LA BIBLIOTECA DEL CONGRESO
Número de clasificación ND1054.5
Número de documento/Ítem .P37 1987
100 1# - ENTRADA PRINCIPAL--NOMBRE DE PERSONA
Nombre de persona Takashina, Shuji
Fechas asociadas al nombre 1932
9 (RLIN) 1219
245 10 - MENCIÓN DE TÍTULO
Título Paris in Japan
Resto del título the Japanese Encounter with European Painting
Mención de responsabilidad, etc. Shuji Takashina, J. Thomas Rimer, with Gerald D. Bolas.
260 ## - PUBLICACIÓN, DISTRIBUCIÓN, ETC.
Lugar de publicación, distribución, etc. Tokyo
Nombre del editor, distribuidor, etc. Japan Foundation
260 ## - PUBLICACIÓN, DISTRIBUCIÓN, ETC.
Lugar de publicación, distribución, etc. St. Louis
Nombre del editor, distribuidor, etc. Washington University
Fecha de publicación, distribución, etc. 1987
300 ## - DESCRIPCIÓN FÍSICA
Extensión 287 p.
Otras características físicas il. (algunas a color)
Dimensiones 28 cm.
500 ## - NOTA GENERAL
Nota general Catálogo de la exposición presentada en Washington Univ. Galería del Arte, St. Louis, del 2 octubre - 22 noviembre, 1987 ; Galería de la Casa de Japón, New York, 11 diciembre, 1987 - 7 febrero, 1988 ; Galería del Arte Whight, Univ. de California. Los Angeles, 21 febrero - 3 abril, 1988
500 ## - NOTA GENERAL
Nota general Donación Fundación Japón
504 ## - NOTA DE BIBLIOGRAFÍA, ETC.
Nota de bibliografía, etc. Bibliografía : p. 282-287
650 14 - PUNTO DE ACCESO ADICIONAL DE MATERIA--TÉRMINO DE MATERIA
Término de materia o nombre geográfico como elemento de entrada Pintura japonesa
Subdivisión de forma Exposiciones
9 (RLIN) 1220
650 14 - PUNTO DE ACCESO ADICIONAL DE MATERIA--TÉRMINO DE MATERIA
Término de materia o nombre geográfico como elemento de entrada Pintura japonesa
Subdivisión de forma Exposiciones
Subdivisión cronológica Periodo Meiji, 1868-1912
9 (RLIN) 1221
650 14 - PUNTO DE ACCESO ADICIONAL DE MATERIA--TÉRMINO DE MATERIA
Término de materia o nombre geográfico como elemento de entrada Pintura japonesa
Subdivisión general Influencia francesa
9 (RLIN) 1222
650 14 - PUNTO DE ACCESO ADICIONAL DE MATERIA--TÉRMINO DE MATERIA
Término de materia o nombre geográfico como elemento de entrada Pintura japonesa
Subdivisión general Influencia europea
9 (RLIN) 1223
700 1# - PUNTO DE ACCESO ADICIONAL--NOMBRE DE PERSONA
Nombre de persona Rimer, J. Thomas
9 (RLIN) 1224
700 1# - PUNTO DE ACCESO ADICIONAL--NOMBRE DE PERSONA
Nombre de persona Bolas, Gerald D
9 (RLIN) 1225
902 ## - CATALOGADOR
Iniciales DFJ
942 ## - ELEMENTOS DE PUNTO DE ACCESO ADICIONAL (KOHA)
Fuente del sistema de clasificación o colocación Library of Congress Classification
Tipo de ítem Koha Libros
Holdings
Estado de retiro Estado de pérdida Estado dañado No para préstamo Localización permanente Ubicación/localización actual Fecha de adquisición Total de préstamos Signatura topográfica completa Código de barras Fecha visto por última vez Precio válido a partir de Tipo de ítem Koha
El ejemplar forma parte de la colección y puede ser consultado según las políticas vigentes.       Biblioteca del Museo Franz Mayer (Rogerio Casas-Alatriste) Biblioteca del Museo Franz Mayer (Rogerio Casas-Alatriste) 25/06/2008   ND1054.5 .P37 1987 DFJ00014 22/03/2019 22/03/2019 Libros